000 00340nam a2200157Ia 4500
003 OSt
005 20251210163810.0
008 221004b |||||||| |||| 00| 0 eng d
037 _cTB
040 _aL
_cAL
_beng
041 _2eng
_aeng
245 0 _aShri Datta Hahatya
260 _c1994
942 _cTB
_2cc
_n0
999 _c1059762
_d1059762